| 000 | 00775nam a2200193Ia 4500 | ||
|---|---|---|---|
| 003 | GCL | ||
| 008 | 140319s9999 xx 000 0 ara d | ||
| 040 |
_aGCL / _cGCL |
||
| 082 | 0 | 4 |
_a813.0876 _bهـ ح |
| 100 | 1 | _aمركز تنمية الكتاب العربى | |
| 245 | 1 | 0 |
_aالحلقة الدراسية الاقليمية لعام 1987 حول الندوة العلمية الطفل والقراءة: القاهرة 11,10 ديسمبر 1987م / _cمركز تنمية الكتاب العربى |
| 260 |
_aالقاهرة : _bالهيئة المصرية العامة للكتاب ، _c1989 |
||
| 300 |
_a206 ص ؛ _c24 سم |
||
| 490 | _a | ||
| 650 | 0 | 4 | _aالاطفال |
| 650 | 0 | 4 | _aتعليم الاطفال |
| 650 | 0 | 4 | _aمكتبات الاطفال |
| 942 |
_2ddc _cBK |
||
| 999 |
_c32619 _d32619 |
||